000
00436nam a2200145Ia 4500
008
100122s9999 xx 000 0 und d
082
_b
26308
_a
823
100
_a
वाड विजया
245
_a
बीज आणि अंकुर
260
_b
मेनका प्रकाशन
_c
1977
300
_a
127
630
_a
बीज आणि अंकुर
730
_a
बीज आणि अंकुर
942
_c
BOOK
999
_c
412811
_d
412808